000 00504nam a2200181Ia 4500
001 21282
005 20260306172908.0
008 260306t2018||||xx |||||||||||||| ||spa||
041 _aESP
082 _a344.522
_bP42
100 _aPeña Cabrera Freyre, Alonso
_eAUT
245 0 _aDelitos contra el honor:
_bconflictos con los derechos a la información y libertad de expresión
260 _c2018
300 _a397 páginas :
_c25 cm.
650 _aGEN
654 _aCDE
942 _cLIB
_dJUS
_fJUS
_2ddc
_n
999 _c21282
_d21282